El hombre que fue jueves : pesadilla /

Guardado en:
Autor Principal: Chesterton, Gilbert K.
Formato: Libro
Idioma:Spanish
Publicado: Buenos Aires : Losada, 1938.
Materias:
Etiquetas: Agregar Etiqueta
Sin Etiquetas, Sea el primero en etiquetar este registro!
LEADER 00472nam a22001575a 4500
001 EUN.um043746
003 AR-BaUNS
005 20050623122913.0
008 041125s1938####ag############000#0#spa#d
245 1 3 |a El hombre que fue jueves :  |b pesadilla /  |c Gilbert K. Chesterton. 
260 |a Buenos Aires :  |b Losada,  |c 1938. 
300 |a 189 p. 
100 1 |a Chesterton, Gilbert K. 
082 0 4 |a 823 
653 |a Novela inglesa 
859 |a Ar-BaUNS  |b BIB. CENTRAL - Sector A  |h 823  |i C426h  |p 2569/959  |t Ej.2